000 01102nam a2200313Ia 4500
001 Para_9495
003 CHAP
008 220125s2008 xx 000 0 und d
010 _a208169
040 _cCHAP
090 _aTESIS 2207
100 _aHernández Hernández, Belén
_954117
245 _aPotencial de Thiametoxan + Lambda cyhalotrina y Benzoato de emamectina para el control de gusano bellotero Heliothis virescens (F.) en algodonero en Janos, Chihuahua /
_c por Belén Hernández Hernández
260 _aChapingo, Méx. :
_b el autor
300 _a58 h.
502 _aTesis (M.C. en Protección Vegetal) UACh. Departamento Parasitología Agrícola
650 _aAlgodón
_x plagas
_94046
650 _aControl químico
_927604
650 _aHeliothis virescens
_953440
650 _aInsecticidas
_x pruebas
_958878
710 _aUACh. Departamento Parasitología Agrícola
_9164025
901 _aTESIS 2207
902 _aM
905 _a0000002008 an 0000000000 00
910 _a2008
942 _cPARA
942 _cPARA
_d2
999 _c208169
_d208169